00972nam a2200241Ia 4500001000600000003000900006008004100015040001300056040001300069041001200082100001700094100002900111245010000140245003300240250001100273260001100284260002600295260004900321300005900370500023100429650003900660650003100699F0278IT-RoPAU130308s9999 xx 000 0 und d aIT-RoPAU cIT-RoPAU aINGLESE aMorley David gCodice Aut. SPICS: 6153 aTheoretical Orthodoxies: Textualism, Constructivism and the New Ethnography in Cultural Studies bCultural Studies in Question a1a ed. aLONDON bSage Publications Ltd c1997 [1° Ed.:1997 - Ed.Ling.Originale:1997] a"17 p. (prefazione: no ; testo: 17 [pagine: 121-137])" aOrtodossie Teoriche: Fedeltà al testo , Costruttivismo e Nuova Etnografia Negli Studi Culturali. Ricerca del Nuovo Pubblico. Etnografia Postmoderna. testo , Retorica e Valore della Verita': Analisi di Derrida, Hartley, Fish. aTEORIA DELLA COMUNICAZIONE SOCIALE eCodice materia Spics: 3802